<The> Informational Efficiency of Economi Forecasts

Enregistré dans:
Détails bibliographiques
Auteur principal: Jäger, Albert
Format: Livre
Langue:anglais
Publié: Wien Institut für Höhere Studien 1985
Édition:1. ed.
Collection:Forschungsbericht No.221
Tags: Ajouter un tag
Pas de tags, Soyez le premier à ajouter un tag!

MARC

LEADER 00000nam a2200000 4500
001 c033284
005 20221207072020.6
041 0 |a eng 
044 |a AT 
245 1 0 |a <The> Informational Efficiency of Economi Forecasts  |c Albert Jäger 
250 |a 1. ed. 
264 1 |a Wien  |b Institut für Höhere Studien  |c 1985 
300 |a 21 s. 
490 1 |a Forschungsbericht  |v No.221 
830 0 |a Forschungsbericht  |v No.221 
100 1 |a Jäger, Albert